| 000 | 00454nam a22001811a 4500 | ||
|---|---|---|---|
| 001 | 12380 | ||
| 003 | OSt | ||
| 005 | 20260204212324.0 | ||
| 008 | 150630s1982||||dr ||||||b||||||||||spa|| | ||
| 082 | _aRD 796 C796a | ||
| 100 | _aCardona, Cuqui | ||
| 245 | _aAlbun del Recuerdo / Cuqui Cardona | ||
| 264 | _aSanto Domingo : Tele-3 | ||
| 300 | _a100 p. | ||
| 505 | _aTercer y cuarto tomo | ||
| 650 | _aREPUBLICA DOMINICANA - DEPORTEĆ | ||
| 942 |
_2ddc _cBK |
||
| 999 |
_c12380 _d12380 |
||